[Event "España tch - División de Honor 2012"]
[Site "Leon ESP"]
[Date "2012.11.08"]
[Round "4.35"]
[White "Granados Gomez, Manuel"]
[Black "Del Rio Angelis, Salvador Gabriel"]
[Result "1/2-1/2"]
[WhiteElo "2374"]
[BlackElo "2484"]
[PlyCount "88"]
[EventDate "2012.11.05"]
[EventType "team"]
[EventRounds "7"]
[EventCountry "ESP"]
[Source "lmi"]
[SourceDate "2012.11.05"]
[WhiteTeam "C.E. Foment Martinenc"]
[BlackTeam "Sestao Naturgas Energia"]

1. d4 e6 2. Nf3 f5 3. c4 Nf6 4. Nc3 Bb4 5. Bg5 O-O 6. Qb3 c5 7. dxc5 Na6 8. a3
Bxc3+ 9. Qxc3 Nxc5 10. Bxf6 Qxf6 11. Qxf6 gxf6 12. g3 b6 13. Bg2 Bb7 14. O-O
Kf7 15. Nd2 Ke7 16. Bxb7 Nxb7 17. Rac1 Rac8 18. Rc3 Rc7 19. Rd3 Nd6 20. Rd4 e5
21. Rh4 Rf7 22. Rc1 Ke6 23. Rc3 b5 24. c5 Nb7 25. Rb4 a6 26. a4 Rxc5 27. Rxc5
Nxc5 28. axb5 axb5 29. Rxb5 d6 30. f3 Ra7 31. Kf2 Ra2 32. Nc4 Ra4 33. b4 Nd7
34. Rb7 Ra2 35. Ne3 Nf8 36. h4 h5 37. b5 Rb2 38. b6 Nd7 39. Nxf5 Kxf5 40. Rxd7
Rxb6 41. Rg7 d5 42. Rh7 Kg6 43. Rd7 d4 44. Rd8 Rb1 1/2-1/2

[Event "España tch - División de Honor 2012"]
[Site "Leon ESP"]
[Date "2012.11.08"]
[Round "4.36"]
[White "Gomez Esteban, Juan Mario"]
[Black "Sanchez Ibern, Marc"]
[Result "1/2-1/2"]
[WhiteElo "2466"]
[BlackElo "2332"]
[PlyCount "51"]
[EventDate "2012.11.05"]
[EventType "team"]
[EventRounds "7"]
[EventCountry "ESP"]
[Source "lmi"]
[SourceDate "2012.11.05"]
[WhiteTeam "Sestao Naturgas Energia"]
[BlackTeam "C.E. Foment Martinenc"]

1. Nf3 Nf6 2. c4 g6 3. Nc3 d5 4. cxd5 Nxd5 5. Qa4+ Nc6 6. Ne5 Qd6 7. Nxc6 Qxc6
8. Qxc6+ bxc6 9. b3 Nxc3 10. dxc3 Bg7 11. Bb2 a5 12. O-O-O Be6 13. c4 Bxb2+ 14.
Kxb2 a4 15. g3 O-O 16. Bg2 Ra6 17. Rd2 Rb8 18. Kc3 axb3 19. axb3 Kg7 20. Be4 c5
21. Bc2 Rb4 22. Rd8 Ra3 23. Kb2 Ra6 24. Kc3 Raa4 25. Kb2 Ra6 26. Kc3 1/2-1/2

[Event "España tch - División de Honor 2012"]
[Site "Leon ESP"]
[Date "2012.11.08"]
[Round "4.43"]
[White "Bauer, Christian"]
[Black "Ganguly, Surya Shekhar"]
[Result "0-1"]
[WhiteElo "2639"]
[BlackElo "2619"]
[PlyCount "116"]
[EventDate "2012.11.05"]
[EventType "team"]
[EventRounds "7"]
[EventCountry "ESP"]
[Source "lmi"]
[SourceDate "2012.11.05"]
[WhiteTeam "Gros Xake-Taldea"]
[BlackTeam "C.A. Solvay"]

1. Nf3 Nf6 2. g3 d5 3. Bg2 e6 4. O-O Be7 5. d3 O-O 6. Nbd2 c5 7. e4 Nc6 8. Re1
b5 9. a4 b4 10. exd5 Nxd5 11. Nc4 Ba6 12. h4 Rc8 13. Bd2 Re8 14. Bh3 h6 15. Rb1
Bf6 16. Nce5 Bb7 17. Ng4 Nd4 18. Bg2 Nxf3+ 19. Qxf3 Bc6 20. Qd1 Bxa4 21. Ra1
Bc6 22. Rxa7 Bxb2 23. Bxh6 Qb6 24. Ra2 Bd4 25. Bd2 Nc3 26. Bxc3 Bxc3 27. Rf1
Bd5 28. Bxd5 exd5 29. Qf3 Qe6 30. Ne3 Red8 31. Ra7 c4 32. Nf5 Bf6 33. Rb1 Rb8
34. Kg2 b3 35. cxb3 cxb3 36. Qg4 Kf8 37. Qf3 Rb4 38. h5 b2 39. h6 g6 40. Ne3
Bg5 41. Nd1 Bf6 42. Ne3 Bg5 43. Nd1 Bc1 44. Rc7 Rb3 45. Rc2 Rdb8 46. Nc3 Rc8
47. Re2 Qf5 48. Qxf5 gxf5 49. Nxd5 Rxd3 50. Nb6 Rc6 51. Na4 Kg8 52. Nxb2 Rb3
53. Kh2 Rxh6+ 54. Kg2 Rc6 55. Ra1 Bxb2 56. Rb1 Rcb6 57. Re8+ Kg7 58. Rh1 Rb8
0-1

[Event "España tch - División de Honor 2012"]
[Site "Leon ESP"]
[Date "2012.11.08"]
[Round "4.45"]
[White "Franco Alonso, Alejandro"]
[Black "Ubilava, Elizbar"]
[Result "1-0"]
[WhiteElo "2476"]
[BlackElo "2509"]
[PlyCount "95"]
[EventDate "2012.11.05"]
[EventType "team"]
[EventRounds "7"]
[EventCountry "ESP"]
[Source "lmi"]
[SourceDate "2012.11.05"]
[WhiteTeam "Gros Xake-Taldea"]
[BlackTeam "C.A. Solvay"]

1. Nf3 Nf6 2. c4 e6 3. g3 b6 4. Bg2 Bb7 5. O-O c5 6. Nc3 Be7 7. b3 d5 8. e3 O-O
9. Bb2 dxc4 10. bxc4 Nc6 11. Qe2 a6 12. Rfd1 Qc7 13. Rab1 Rab8 14. Ba1 Na7 15.
Ne1 b5 16. Bxb7 Qxb7 17. d3 Qc6 18. Qf3 Qc7 19. Rb3 Rfd8 20. Rdb1 b4 21. Ne4
Nxe4 22. Qxe4 Nc6 23. Rd1 a5 24. Rbb1 e5 25. Nf3 f6 26. g4 Re8 27. g5 Rbd8 28.
gxf6 Bxf6 29. Kf1 Qc8 30. Kg2 Ne7 31. Nd2 Nf5 32. Kh1 a4 33. Nf1 Nd6 34. Qg2
Qb7 35. e4 Rf8 36. Ne3 Rde8 37. Nd5 Bh4 38. f4 exf4 39. Rg1 Rf7 40. Rbf1 Re6
41. Qg4 Rh6 42. Rxf4 Ne8 43. Rgf1 Rxf4 44. Qxf4 Bf6 45. e5 g5 46. Qf3 Qb8 47.
Rf2 g4 48. Qxg4+ 1-0

[Event "España tch - División de Honor 2012"]
[Site "Leon ESP"]
[Date "2012.11.08"]
[Round "4.46"]
[White "De La Villa Garcia, Jesus Maria"]
[Black "Gonzalez De La Torre, Santiago"]
[Result "1-0"]
[WhiteElo "2463"]
[BlackElo "2441"]
[PlyCount "65"]
[EventDate "2012.11.05"]
[EventType "team"]
[EventRounds "7"]
[EventCountry "ESP"]
[Source "lmi"]
[SourceDate "2012.11.05"]
[WhiteTeam "C.A. Solvay"]
[BlackTeam "Gros Xake-Taldea"]

1. e4 c5 2. Nf3 e6 3. d4 cxd4 4. Nxd4 a6 5. Nc3 Qc7 6. Bd3 Nf6 7. f4 b5 8. e5
b4 9. Na4 Nd5 10. Be4 Bb7 11. O-O Be7 12. Nf5 Bf8 13. Nd6+ Bxd6 14. exd6 Qa5
15. b3 Bc6 16. Bxd5 Bxd5 17. Be3 Nc6 18. Qg4 g6 19. Rfe1 Be4 20. Qe2 Qb5 21. c4
Qh5 22. Qb2 Rg8 23. Nc5 f5 24. a3 g5 25. fxg5 h6 26. axb4 Nxb4 27. Nxe4 fxe4
28. Rf1 hxg5 29. Qe5 Qh7 30. Rf6 Nc6 31. Rxe6+ dxe6 32. Qxe6+ Ne7 33. d7+ 1-0

[Event "España tch - División de Honor 2012"]
[Site "Leon ESP"]
[Date "2012.11.09"]
[Round "5.14"]
[White "Asis Gargatagli, Hipolito"]
[Black "Delchev, Aleksander"]
[Result "0-1"]
[WhiteElo "2474"]
[BlackElo "2587"]
[PlyCount "84"]
[EventDate "2012.11.05"]
[EventType "team"]
[EventRounds "7"]
[EventCountry "ESP"]
[Source "lmi"]
[SourceDate "2012.11.05"]
[WhiteTeam "C.E. Barcelona Uga"]
[BlackTeam "C.A. Solvay"]

1. e4 d6 2. Nc3 Nf6 3. f4 d5 4. e5 d4 5. Nce2 Nd5 6. Nxd4 Nxf4 7. Ndf3 c5 8. d4
Ng6 9. d5 e6 10. c4 Nd7 11. Qe2 exd5 12. cxd5 c4 13. Bd2 Bc5 14. e6 fxe6 15.
Qxe6+ Be7 16. Bxc4 Nde5 17. Bb5+ Kf8 18. Nd4 Bxe6 19. Nxe6+ Kf7 20. Nxd8+ Rhxd8
21. Nf3 Nxf3+ 22. gxf3 Ne5 23. Ke2 Rxd5 24. Ba4 Nxf3 25. Bc3 Nd4+ 26. Bxd4 Rxd4
27. Bb3+ Kf8 28. Rad1 Rad8 29. Ke3 Bf6 30. Rhf1 Re8+ 31. Kf3 Ree4 32. Rxd4 Rxd4
33. Rc1 Rb4 34. Rc2 h5 35. h3 g5 36. Rc7 g4+ 37. hxg4 hxg4+ 38. Kg2 Bxb2 39.
Bd5 Be5 40. Rxb7 Rd4 41. Bc6 Rd2+ 42. Kf1 Rxa2 0-1

[Event "España tch - División de Honor 2012"]
[Site "Leon ESP"]
[Date "2012.11.09"]
[Round "5.15"]
[White "Ubilava, Elizbar"]
[Black "Fluvia Poyatos, Jordi"]
[Result "1/2-1/2"]
[WhiteElo "2509"]
[BlackElo "2467"]
[PlyCount "101"]
[EventDate "2012.11.05"]
[EventType "team"]
[EventRounds "7"]
[EventCountry "ESP"]
[Source "lmi"]
[SourceDate "2012.11.05"]
[WhiteTeam "C.A. Solvay"]
[BlackTeam "C.E. Barcelona Uga"]

1. d4 Nf6 2. c4 g6 3. Nc3 d5 4. Bf4 Bg7 5. e3 O-O 6. Nf3 c6 7. h3 a6 8. Rc1 Qa5
9. Nd2 Ne4 10. Qa4 Qb6 11. Ncxe4 dxe4 12. Qa3 c5 13. Qxc5 Qxc5 14. dxc5 Bxb2
15. Rc2 Ba3 16. g4 Nc6 17. Nxe4 f5 18. gxf5 Bxf5 19. Bg2 Bxc5 20. O-O Rac8 21.
Rb2 Na5 22. Ng5 e6 23. Bxb7 h6 24. Bxc8 hxg5 25. Bxa6 gxf4 26. Rb5 Ba7 27. Rxa5
fxe3 28. c5 Bxh3 29. fxe3 Bxf1 30. Bxf1 Rf7 31. Bh3 Rc7 32. Bxe6+ Kg7 33. Kg2
Bxc5 34. e4 Kf6 35. Bd5 Bd4 36. Ra6+ Kg5 37. Bc6 Ra7 38. Rxa7 Bxa7 39. Kf3 Kf6
40. Ke2 Ke5 41. Kd3 g5 42. Bd7 Kf4 43. a4 g4 44. a5 Bf2 45. a6 Ba7 46. Bf5 Bf2
47. Bxg4 Kxg4 48. Kc4 Kg5 49. Kd5 Kf6 50. Kd6 Kf7 51. Kd5 1/2-1/2

[Event "España tch - División de Honor 2012"]
[Site "Leon ESP"]
[Date "2012.11.09"]
[Round "5.16"]
[White "Alexandrova, Olga"]
[Black "De La Villa Garcia, Jesus Maria"]
[Result "1/2-1/2"]
[WhiteElo "2409"]
[BlackElo "2463"]
[PlyCount "63"]
[EventDate "2012.11.05"]
[EventType "team"]
[EventRounds "7"]
[EventCountry "ESP"]
[Source "lmi"]
[SourceDate "2012.11.05"]
[WhiteTeam "C.E. Barcelona Uga"]
[BlackTeam "C.A. Solvay"]

1. d4 Nf6 2. c4 e6 3. Nc3 d5 4. cxd5 exd5 5. Bg5 c6 6. Qc2 Be7 7. e3 O-O 8. Bd3
Nbd7 9. Nge2 Re8 10. O-O Nf8 11. f3 g6 12. Rae1 Ne6 13. Bh4 b6 14. Bf2 c5 15.
Bb5 Bd7 16. Bxd7 Qxd7 17. dxc5 bxc5 18. Rd1 Qb7 19. Rd2 Red8 20. Rfd1 Rd7 21.
Kh1 Rad8 22. Qa4 a6 23. Nf4 Nc7 24. Bh4 d4 25. Bxf6 Bxf6 26. Ne4 Be7 27. Qc4
Nd5 28. Nxd5 Qxd5 29. Qxd5 Rxd5 30. exd4 cxd4 31. g3 f5 32. Nf2 1/2-1/2

[Event "España tch - División de Honor 2012"]
[Site "Leon ESP"]
[Date "2012.11.09"]
[Round "5.24"]
[White "Hamdouchi, Hichem"]
[Black "Edouard, Romain"]
[Result "1/2-1/2"]
[WhiteElo "2623"]
[BlackElo "2688"]
[PlyCount "60"]
[EventDate "2012.11.05"]
[EventType "team"]
[EventRounds "7"]
[EventCountry "ESP"]
[Source "lmi"]
[SourceDate "2012.11.05"]
[WhiteTeam "Gros Xake-Taldea"]
[BlackTeam "Sestao Naturgas Energia"]

1. d4 Nf6 2. c4 g6 3. Nc3 d5 4. Nf3 Bg7 5. e3 O-O 6. cxd5 Nxd5 7. Bc4 Nb6 8.
Bb3 c5 9. O-O cxd4 10. exd4 Nc6 11. d5 Na5 12. Re1 Re8 13. Bg5 Bxc3 14. bxc3
Nxb3 15. axb3 Qxd5 16. Rxe7 Rxe7 17. Bxe7 Bg4 18. c4 Qxd1+ 19. Rxd1 Nd7 20. h3
Re8 21. Bb4 Bxf3 22. Rxd7 Bc6 23. Rc7 g5 24. Be7 h6 25. f3 Kg7 26. Kf2 Kg6 27.
h4 gxh4 28. Bxh4 Re6 29. Be7 h5 30. Bc5 a6 1/2-1/2

[Event "España tch - División de Honor 2012"]
[Site "Leon ESP"]
[Date "2012.11.09"]
[Round "5.25"]
[White "Del Rio Angelis, Salvador Gabriel"]
[Black "San Segundo Carrillo, Pablo"]
[Result "1/2-1/2"]
[WhiteElo "2484"]
[BlackElo "2509"]
[PlyCount "47"]
[EventDate "2012.11.05"]
[EventType "team"]
[EventRounds "7"]
[EventCountry "ESP"]
[Source "lmi"]
[SourceDate "2012.11.05"]
[WhiteTeam "Sestao Naturgas Energia"]
[BlackTeam "Gros Xake-Taldea"]

1. d4 d5 2. c4 e6 3. Nc3 Nf6 4. Bg5 Be7 5. Nf3 h6 6. Bh4 O-O 7. e3 Ne4 8. Bxe7
Qxe7 9. Qc2 Nxc3 10. Qxc3 c6 11. Rc1 Nd7 12. Be2 dxc4 13. Qxc4 e5 14. O-O exd4
15. Nxd4 Nb6 16. Qc5 Re8 17. Qxe7 Rxe7 18. Rfd1 Be6 19. a3 g6 20. Nxe6 Rxe6 21.
Rd4 Kf8 22. Rcd1 Ree8 23. Kf1 Ke7 24. Re4+ 1/2-1/2

[Event "España tch - División de Honor 2012"]
[Site "Leon ESP"]
[Date "2012.11.09"]
[Round "5.26"]
[White "Franco Alonso, Alejandro"]
[Black "Romero Holmes, Alfonso"]
[Result "1/2-1/2"]
[WhiteElo "2476"]
[BlackElo "2505"]
[PlyCount "60"]
[EventDate "2012.11.05"]
[EventType "team"]
[EventRounds "7"]
[EventCountry "ESP"]
[Source "lmi"]
[SourceDate "2012.11.05"]
[WhiteTeam "Gros Xake-Taldea"]
[BlackTeam "Sestao Naturgas Energia"]

1. Nf3 d6 2. d4 Bg4 3. c4 Bxf3 4. exf3 g6 5. Nc3 Bg7 6. Be3 e6 7. d5 Ne7 8. Qb3
O-O 9. O-O-O exd5 10. Nxd5 Nxd5 11. Rxd5 b6 12. h4 a5 13. a3 Nd7 14. h5 Nc5 15.
Qc2 a4 16. Kb1 Re8 17. hxg6 hxg6 18. Bd3 c6 19. Rd4 Qf6 20. Be4 Nxe4 21. fxe4
Qe6 22. Rd2 Qxe4 23. Qxe4 Rxe4 24. Rxd6 Rxc4 25. Rc1 Rxc1+ 26. Kxc1 Ra5 27.
Rxc6 Rb5 28. Rc2 Be5 29. Bd2 Kg7 30. Bc3 Kf6 1/2-1/2

[Event "España tch - División de Honor 2012"]
[Site "Leon ESP"]
[Date "2012.11.09"]
[Round "5.32"]
[White "Jerez Perez, Alfonso"]
[Black "Sargissian, Gabriel"]
[Result "1/2-1/2"]
[WhiteElo "2411"]
[BlackElo "2679"]
[PlyCount "75"]
[EventDate "2012.11.05"]
[EventType "team"]
[EventRounds "7"]
[EventCountry "ESP"]
[Source "lmi"]
[SourceDate "2012.11.05"]
[WhiteTeam "C.E. Foment Martinenc"]
[BlackTeam "Linex-Magic Extremadura"]

1. e4 e5 2. Nf3 Nc6 3. Bb5 a6 4. Bxc6 dxc6 5. O-O f6 6. d4 Bg4 7. dxe5 Qxd1 8.
Rxd1 fxe5 9. Rd3 Bd6 10. Nbd2 b5 11. b3 Nf6 12. Bb2 Nd7 13. h3 Bxf3 14. Nxf3
O-O 15. Rd2 a5 16. a4 Rf4 17. Re2 Kf7 18. Bc1 Rf6 19. Bg5 Rxf3 20. gxf3 b4 21.
Be3 Nf8 22. Rc1 Ne6 23. c3 c5 24. Rec2 bxc3 25. Rxc3 Nd4 26. Bxd4 cxd4 27.
Rxc7+ Bxc7 28. Rxc7+ Kf6 29. Rc5 g5 30. Rc6+ Ke7 31. Kf1 Rb8 32. Rc5 Kd6 33.
Rd5+ Ke6 34. Rxa5 Rxb3 35. Ra6+ Kf7 36. Ra5 Ke6 37. Ra6+ Kf7 38. Ra5 1/2-1/2

[Event "España tch - División de Honor 2012"]
[Site "Leon ESP"]
[Date "2012.11.09"]
[Round "5.33"]
[White "Svetushkin, Dmitry"]
[Black "Torrecillas Martinez, Antonio"]
[Result "0-1"]
[WhiteElo "2589"]
[BlackElo "2406"]
[PlyCount "114"]
[EventDate "2012.11.05"]
[EventType "team"]
[EventRounds "7"]
[EventCountry "ESP"]
[Source "lmi"]
[SourceDate "2012.11.05"]
[WhiteTeam "Linex-Magic Extremadura"]
[BlackTeam "C.E. Foment Martinenc"]

1. d4 Nf6 2. c4 g6 3. f3 Nc6 4. d5 Ne5 5. e4 d6 6. Nc3 Bg7 7. f4 Ned7 8. Nh3
O-O 9. Be2 e6 10. dxe6 fxe6 11. Nf2 Ne8 12. Qc2 Nb6 13. g4 Bd4 14. Qd3 Qf6 15.
O-O Bd7 16. Bd2 Bc6 17. g5 Qg7 18. Be3 Bxe3 19. Qxe3 Kh8 20. Ng4 Rd8 21. Rad1
Qe7 22. Nh6 Ng7 23. b3 a6 24. h4 Nd7 25. Kh2 b6 26. Kg3 Rde8 27. Rde1 a5 28.
Bg4 Qd8 29. Qd2 Re7 30. Rf2 Qe8 31. a3 Qa8 32. Qc2 Qe8 33. b4 axb4 34. axb4 Qa8
35. Qb2 Qe8 36. Rh2 Bb7 37. Ra1 d5 38. e5 dxc4 39. Qe2 b5 40. Nxb5 Nb6 41. Nc3
Nd5 42. Nxd5 Bxd5 43. h5 gxh5 44. Bxh5 Qb5 45. Bg6 Qxb4 46. Ng4 Qc3+ 47. Qe3
Nf5+ 48. Bxf5 Qxa1 49. Nf6 exf5 50. Nxd5 Rd7 51. Rd2 c6 52. Nc3 Rxd2 53. Qxd2
Qg1+ 54. Kf3 Qf1+ 55. Ke3 Qh3+ 56. Ke2 Qg2+ 57. Ke3 Qxd2+ 0-1

[Event "España tch - División de Honor 2012"]
[Site "Leon ESP"]
[Date "2012.11.09"]
[Round "5.34"]
[White "L'Ami, Alina"]
[Black "Ter-Sahakyan, Samvel"]
[Result "0-1"]
[WhiteElo "2381"]
[BlackElo "2580"]
[PlyCount "86"]
[EventDate "2012.11.05"]
[EventType "team"]
[EventRounds "7"]
[EventCountry "ESP"]
[Source "lmi"]
[SourceDate "2012.11.05"]
[WhiteTeam "C.E. Foment Martinenc"]
[BlackTeam "Linex-Magic Extremadura"]

1. d4 d5 2. c4 c6 3. Nf3 e6 4. Bg5 Nf6 5. Nc3 Be7 6. e3 O-O 7. Qc2 Nbd7 8. Rd1
Re8 9. a3 b6 10. Bd3 h6 11. Bf4 Ba6 12. cxd5 Bxd3 13. Qxd3 exd5 14. O-O Bf8 15.
Be5 Qc8 16. Rc1 Qb7 17. Bxf6 Nxf6 18. b4 Bd6 19. Rc2 a5 20. b5 c5 21. dxc5 bxc5
22. a4 Rad8 23. Rd1 Bc7 24. Ne2 Bb6 25. Nf4 Re4 26. Qb3 d4 27. Ne2 dxe3 28.
Rxd8+ Bxd8 29. fxe3 Bb6 30. Nd2 Rg4 31. Ng3 Rb4 32. Qa2 Qd7 33. Nc4 Bc7 34. Nf1
Qd1 35. Rd2 Bxh2+ 36. Kxh2 Qxf1 37. Rd8+ Kh7 38. Qc2+ g6 39. Ne5 Rh4+ 40. Kg3
Ne4+ 41. Kxh4 Qh1+ 42. Kg4 Qh5+ 43. Kf4 Qf5# 0-1

[Event "España tch - División de Honor 2012"]
[Site "Leon ESP"]
[Date "2012.11.09"]
[Round "5.35"]
[White "Perez Candelario, Manuel"]
[Black "Granados Gomez, Manuel"]
[Result "1/2-1/2"]
[WhiteElo "2579"]
[BlackElo "2374"]
[PlyCount "91"]
[EventDate "2012.11.05"]
[EventType "team"]
[EventRounds "7"]
[EventCountry "ESP"]
[Source "lmi"]
[SourceDate "2012.11.05"]
[WhiteTeam "Linex-Magic Extremadura"]
[BlackTeam "C.E. Foment Martinenc"]

1. d4 d5 2. c4 e6 3. Nf3 Nf6 4. g3 dxc4 5. Bg2 Nc6 6. O-O Rb8 7. Bg5 Be7 8. e3
O-O 9. Qc1 b5 10. Rd1 Bb7 11. Nbd2 Nb4 12. Bxf6 Bxf6 13. b3 c5 14. bxc4 cxd4
15. exd4 bxc4 16. Qxc4 Bd5 17. Qe2 Nxa2 18. Qe3 Nb4 19. Rxa7 Qb6 20. Qa3 Bxd4
21. Nxd4 Qxd4 22. Qa1 Qxa1 23. Rdxa1 g6 24. Bxd5 exd5 25. Nf3 Nc6 26. R7a3 Rfd8
27. Rc1 Rbc8 28. Kg2 Kf8 29. Rb3 h6 30. h4 h5 31. Rb6 Ne7 32. Rd1 Rc6 33. Rb7
d4 34. Rxd4 Rxd4 35. Nxd4 Rd6 36. Nf3 f6 37. Ng1 Kf7 38. Ne2 g5 39. Rc7 Ke6 40.
hxg5 fxg5 41. Ng1 Kf6 42. Nf3 Nf5 43. Rc8 Rd5 44. Rc6+ Rd6 45. Rc5 g4 46. Nh4
1/2-1/2

[Event "España tch - División de Honor 2012"]
[Site "Leon ESP"]
[Date "2012.11.09"]
[Round "5.41"]
[White "Mchedlishvili, Mikheil"]
[Black "Iturrizaga Bonelli, Eduardo"]
[Result "1-0"]
[WhiteElo "2639"]
[BlackElo "2656"]
[PlyCount "101"]
[EventDate "2012.11.05"]
[EventType "team"]
[EventRounds "7"]
[EventCountry "ESP"]
[Source "lmi"]
[SourceDate "2012.11.05"]
[WhiteTeam "C.A. Reverte Albox"]
[BlackTeam "Equigoma Caja Social Catolica"]

1. d4 Nf6 2. c4 e6 3. g3 d5 4. Bg2 Bb4+ 5. Bd2 Be7 6. Nf3 c6 7. Qc2 b6 8. Bf4
O-O 9. O-O Ba6 10. b3 Nbd7 11. Rd1 Rc8 12. Nc3 Nh5 13. Bc1 f5 14. a4 Bd6 15. a5
b5 16. c5 Bb8 17. Bg5 Qe8 18. Na2 Bb7 19. Nb4 a6 20. Nd3 h6 21. Bd2 g5 22. Nfe5
Nxe5 23. dxe5 Qg6 24. Qc3 Rc7 25. Qd4 Rcf7 26. f3 Bc7 27. Kf2 Bd8 28. Rg1 Be7
29. Raf1 Ng7 30. Ke1 Rd8 31. h4 Kf8 32. hxg5 hxg5 33. Rh1 Nh5 34. Rh3 f4 35.
gxf4 gxf4 36. Rfh1 Rf5 37. Bxf4 Ke8 38. Be3 Kd7 39. Qg4 Rg8 40. Qxg6 Rxg6 41.
Kf2 Ng7 42. Rh7 Rf7 43. Bh3 Bg5 44. Bxg5 Rxg5 45. Ke3 Bc8 46. Bg4 Kc7 47. R1h6
Bd7 48. Rf6 Be8 49. Kd4 Kd8 50. Rhh6 Rxf6 51. exf6 1-0

[Event "España tch - División de Honor 2012"]
[Site "Leon ESP"]
[Date "2012.11.09"]
[Round "5.44"]
[White "Castellanos Rodriguez, Renier"]
[Black "Goganov, Aleksey"]
[Result "1-0"]
[WhiteElo "2515"]
[BlackElo "2530"]
[PlyCount "85"]
[EventDate "2012.11.05"]
[EventType "team"]
[EventRounds "7"]
[EventCountry "ESP"]
[Source "lmi"]
[SourceDate "2012.11.05"]
[WhiteTeam "Equigoma Caja Social Catolica"]
[BlackTeam "C.A. Reverte Albox"]

1. e4 e5 2. Nf3 Nc6 3. Bb5 Nf6 4. d3 Bc5 5. c3 O-O 6. O-O d6 7. Nbd2 Bb6 8. h3
Ne7 9. Re1 c6 10. Ba4 Ng6 11. d4 Re8 12. Bc2 h6 13. Nf1 Be6 14. Ng3 Qc7 15. Be3
Rad8 16. a4 Bc8 17. Qc1 a5 18. Bxh6 gxh6 19. Qxh6 Qe7 20. Bb3 d5 21. exd5 Qf8
22. Qg5 Nh7 23. Qh5 Nf4 24. Qh4 Ng6 25. Qh5 Nf4 26. Qh4 Qe7 27. Qxe7 Rxe7 28.
dxc6 Ng6 29. cxb7 Rxb7 30. Nxe5 Nxe5 31. Rxe5 Bxd4 32. Bxf7+ Kxf7 33. cxd4 Rxd4
34. Rxa5 Rxb2 35. Rc5 Bb7 36. a5 Rdd2 37. Rf5+ Kg6 38. a6 Ba8 39. Re1 Ng5 40.
h4 Nf3+ 41. gxf3 Rxf2 42. Re6+ Kg7 43. Nh5+ 1-0

[Event "España tch - División de Honor 2012"]
[Site "Leon ESP"]
[Date "2012.11.09"]
[Round "5.45"]
[White "Ibarra Jerez, Jose Carlos"]
[Black "Alvarez Marquez, Johann"]
[Result "1/2-1/2"]
[WhiteElo "2528"]
[BlackElo "2407"]
[PlyCount "67"]
[EventDate "2012.11.05"]
[EventType "team"]
[EventRounds "7"]
[EventCountry "ESP"]
[Source "lmi"]
[SourceDate "2012.11.05"]
[WhiteTeam "C.A. Reverte Albox"]
[BlackTeam "Equigoma Caja Social Catolica"]

1. e4 c5 2. Nf3 d6 3. d4 cxd4 4. Nxd4 Nf6 5. Nc3 a6 6. Be3 e5 7. Nf3 Be7 8. Bc4
O-O 9. O-O Qc7 10. Qe2 Nc6 11. Bb3 Na5 12. Bg5 Nxb3 13. axb3 Be6 14. Bxf6 Bxf6
15. Rfd1 Rac8 16. Rac1 Qd8 17. Rd3 Rc6 18. Rcd1 Qc7 19. Ne1 Bg5 20. Nd5 Qd8 21.
Nb4 Rb6 22. Nd5 Rc6 23. Nf3 Bh6 24. Nb4 Rb6 25. Nd5 Rc6 26. Ne3 Qc7 27. Ne1
Bxe3 28. Rxe3 f5 29. exf5 Bxf5 30. Rc3 Rxc3 31. bxc3 Qxc3 32. Rxd6 Rc8 33. h4
h6 34. Rd5 1/2-1/2

[Event "España tch - División de Honor 2012"]
[Site "Leon ESP"]
[Date "2012.11.09"]
[Round "5.46"]
[White "Hernando Pertierra, Jose Carlos"]
[Black "Rubio Tapia, Jose Juan"]
[Result "1-0"]
[WhiteElo "2375"]
[BlackElo "2115"]
[PlyCount "61"]
[EventDate "2012.11.05"]
[EventType "team"]
[EventRounds "7"]
[EventCountry "ESP"]
[Source "lmi"]
[SourceDate "2012.11.05"]
[WhiteTeam "Equigoma Caja Social Catolica"]
[BlackTeam "C.A. Reverte Albox"]

1. Nf3 Nf6 2. c4 g6 3. b3 Bg7 4. Bb2 O-O 5. g3 d6 6. Bg2 e5 7. d3 Nh5 8. Nc3 f5
9. Qd2 f4 10. d4 g5 11. g4 Bxg4 12. dxe5 dxe5 13. Qxd8 Rxd8 14. Nxg5 c6 15. Rg1
h6 16. Nge4 Na6 17. Bh1 Be6 18. Bf3 Bf7 19. Bxh5 Bxh5 20. Nf6+ Kf7 21. Nxh5 Bh8
22. Rd1 Nc5 23. b4 Ne6 24. Ne4 Rxd1+ 25. Kxd1 Rd8+ 26. Kc2 b5 27. c5 Nd4+ 28.
Bxd4 Rxd4 29. Nd6+ Kf8 30. a3 f3 31. e4 1-0

[Event "España tch - División de Honor 2012"]
[Site "Leon ESP"]
[Date "2012.11.10"]
[Round "6.14"]
[White "Castellanos Rodriguez, Renier"]
[Black "Asis Gargatagli, Hipolito"]
[Result "1-0"]
[WhiteElo "2515"]
[BlackElo "2474"]
[PlyCount "44"]
[EventDate "2012.11.05"]
[EventType "team"]
[EventRounds "7"]
[EventCountry "ESP"]
[Source "lmi"]
[SourceDate "2012.11.05"]
[WhiteTeam "Equigoma Caja Social Catolica"]
[BlackTeam "C.E. Barcelona Uga"]

1. e4 c5 2. Nf3 d6 3. d4 cxd4 4. Nxd4 Nf6 5. Nc3 a6 6. Bg5 Nbd7 7. f4 g6 8. Qe2
Bg7 9. O-O-O O-O 10. f5 Ne5 11. h4 Bd7 12. h5 Rc8 13. hxg6 fxg6 14. Qe1 Rf7 15.
Rh3 b5 16. Qh4 Qa5 17. Nd5 gxf5 18. Nxe7+ Rxe7 19. Bxf6 Bxf6 20. Qxf6 Rg7 21.
Qxd6 fxe4 22. Qd5+ Nf7 1-0

[Event "España tch - División de Honor 2012"]
[Site "Leon ESP"]
[Date "2012.11.10"]
[Round "6.15"]
[White "Fluvia Poyatos, Jordi"]
[Black "Alvarez Marquez, Johann"]
[Result "1-0"]
[WhiteElo "2467"]
[BlackElo "2407"]
[PlyCount "84"]
[EventDate "2012.11.05"]
[EventType "team"]
[EventRounds "7"]
[EventCountry "ESP"]
[Source "lmi"]
[SourceDate "2012.11.05"]
[WhiteTeam "C.E. Barcelona Uga"]
[BlackTeam "Equigoma Caja Social Catolica"]

1. e4 c5 2. Nf3 d6 3. d4 cxd4 4. Nxd4 Nf6 5. Nc3 a6 6. Bg5 e6 7. f4 Qc7 8. Qf3
Nc6 9. Nxc6 Qxc6 10. Bxf6 gxf6 11. f5 Be7 12. fxe6 fxe6 13. Qh5+ Kd8 14. O-O-O
Bd7 15. Be2 Rc8 16. Qf7 Qc5 17. Qg7 Rf8 18. Kb1 b5 19. Bd3 h5 20. h4 Qe5 21.
Ne2 a5 22. Rhf1 Be8 23. Nf4 Bf7 24. Be2 b4 25. Qg3 a4 26. Qe3 Qc5 27. Qd2 Rb8
28. Bxh5 Kd7 29. Bg4 Rg8 30. Bh3 Qe5 31. Nd3 Qd4 32. e5 f5 33. Rf4 Qd5 34. g4
b3 35. gxf5 exf5 36. Bxf5+ Ke8 37. cxb3 axb3 38. exd6 bxa2+ 39. Ka1 Bf6 40.
Bd7+ Kxd7 41. Rxf6 Bh5 42. Qe3 Rge8 1-0